000 00257nam a2200109Ia 4500
005 20251222143200.0
008 251222s9999||||xx |||||||||||||| ||spa||
082 _a730.944/R41
245 0 _aGérard Renault
264 _bMusée Antoine Lécuyer
942 _cLIB
999 _c13051
_d13051